000 00408cam a2200157 4500
001 D11219
008 090401t xxu||||| |||| 00| 0 eng d
035 _a(Sirsi) u97543
041 _aeng
100 _aOrchard-Lisle, Paul
245 _aEmployment policies in the `80s
350 _a0
520 _aIn RICS. Annual conference, Birmingham, 15 - 18 July 1980. 1980/30 ABC
942 _n0
948 _c04/03/1997
999 _c98936
_d98936